Normal view
MARC view
Entry Personal Name
001 - CONTROL NUMBER
- control field: 37296
003 - CONTROL NUMBER IDENTIFIER
- control field: ARRUPE
005 - DATE AND TIME OF LATEST TRANSACTION
- control field: 20171026140737.0
008 - FIXED-LENGTH DATA ELEMENTS
- fixed length control field: 171026|| aca||aabn | a|a d
040 ## - CATALOGING SOURCE
- Original cataloging agency: ARRUPE
- Transcribing agency: ARRUPE
100 ## - HEADING--PERSONAL NAME
- Personal name: Eames, Andrea.
670 ## - SOURCE DATA FOUND
- Source citation: Work cat.: (ARRUPE)0: Eames, Andrea., The cry of the go-away bird /, 2011.